<?xml version="1.0" encoding="UTF-8"?>
<record
    xmlns:xsi="http://www.w3.org/2001/XMLSchema-instance"
    xsi:schemaLocation="http://www.loc.gov/MARC21/slim http://www.loc.gov/standards/marcxml/schema/MARC21slim.xsd"
    xmlns="http://www.loc.gov/MARC21/slim">

  <leader>02072cam a22002654a 4500</leader>
  <controlfield tag="001">13912736</controlfield>
  <controlfield tag="003">OSt</controlfield>
  <controlfield tag="005">20211110135723.0</controlfield>
  <controlfield tag="008">050323s2006    nyua     b    001 0 eng  </controlfield>
  <datafield tag="010" ind1=" " ind2=" ">
    <subfield code="a">  2005008192</subfield>
  </datafield>
  <datafield tag="020" ind1=" " ind2=" ">
    <subfield code="a">1930538243</subfield>
  </datafield>
  <datafield tag="040" ind1=" " ind2=" ">
    <subfield code="c">.LC</subfield>
  </datafield>
  <datafield tag="050" ind1="0" ind2="0">
    <subfield code="a">RC440.P97</subfield>
  </datafield>
  <datafield tag="245" ind1="1" ind2="0">
    <subfield code="a">Psychiatric-mental health nursing. /</subfield>
    <subfield code="c">edited by Jeff Burnham</subfield>
  </datafield>
  <datafield tag="246" ind1=" " ind2=" ">
    <subfield code="a">Nurse Advance Collection on psychiatric-mental health nursing.</subfield>
  </datafield>
  <datafield tag="260" ind1=" " ind2=" ">
    <subfield code="a">Indianapolis, Indiana:</subfield>
    <subfield code="b">Honor Society of Nursing,</subfield>
    <subfield code="c">2005.</subfield>
  </datafield>
  <datafield tag="300" ind1=" " ind2=" ">
    <subfield code="a">1 vol. :</subfield>
    <subfield code="b">ill. (col.) ;</subfield>
  </datafield>
  <datafield tag="505" ind1="0" ind2=" ">
    <subfield code="a">Contents: 1. Peer-reviewed articles: Emotional distress and prenatal attachment in pregnancy after perinatal loss -- Chronic stress, sense of belonging, and depression among survivors of traumatic brain injury -- Processes of mental health service use by adolescents with depression -- Hopelessness as a response to physical illness -- Psychological factors in Nepali former commercial sex workers living with HIV --  The Effectiveness of intervention studies to decrease alcohol use in college undergraduate students: an integrative analysis -- Loneliness, depression and social support of Turkish patients with chronic obstructive pulmonary disease and their spouses --  Cultural incommensurability in psychodynamic psychotherapy in western and Japanese traditions -- The effects of an educational intervention on antipsychotic-induced weight gain -- Childhood maltreatment and mental and physical health in Haitian adults -- Negative thinking and the mental health of low-income single mothers -- Barriers to family care in psychiatric settings -- Parental uncertainty and posttraumatic stress in serious childhood illness -- Nurse counselling of patients with an overconsumption of alcohol -- 2. Commentary (not peer-reviewed) article: A focus on the mental health of adults and older adults -- </subfield>
  </datafield>
  <datafield tag="650" ind1=" " ind2="0">
    <subfield code="a">Psychiatric nursing.</subfield>
  </datafield>
  <datafield tag="650" ind1="1" ind2="2">
    <subfield code="a">Psychiatric Nursing.</subfield>
  </datafield>
  <datafield tag="650" ind1="2" ind2="2">
    <subfield code="a">Mental Disorders</subfield>
    <subfield code="x">nursing.</subfield>
  </datafield>
  <datafield tag="650" ind1="2" ind2="2">
    <subfield code="a">Nurse-Patient Relations.</subfield>
  </datafield>
  <datafield tag="700" ind1=" " ind2=" ">
    <subfield code="q">Burnham, Jeff</subfield>
  </datafield>
  <datafield tag="942" ind1=" " ind2=" ">
    <subfield code="2">lcc</subfield>
    <subfield code="c">BK</subfield>
  </datafield>
  <datafield tag="999" ind1=" " ind2=" ">
    <subfield code="c">7956</subfield>
    <subfield code="d">15456</subfield>
  </datafield>
  <datafield tag="952" ind1=" " ind2=" ">
    <subfield code="0">0</subfield>
    <subfield code="1">0</subfield>
    <subfield code="2">lcc</subfield>
    <subfield code="4">0</subfield>
    <subfield code="7">0</subfield>
    <subfield code="a">WIUC-KL</subfield>
    <subfield code="b">WIUC-KL</subfield>
    <subfield code="c">NURS L.</subfield>
    <subfield code="d">2019-08-16</subfield>
    <subfield code="l">0</subfield>
    <subfield code="o">RC440.P97</subfield>
    <subfield code="p">KSN/497/19</subfield>
    <subfield code="r">2021-11-10 00:00:00</subfield>
    <subfield code="w">2021-11-10</subfield>
    <subfield code="y">BK</subfield>
  </datafield>
</record>
